000 00684nam a2200253Ia 4500
003 OSt
005 20220918174518.0
006 a|||||r|||| 00| 0
007 ta
008 220917b |||||||| |||| 00| 0 eng d
024 _a12,610
037 _cTextual
040 _aARTS
_cARTS
_beng
041 _2eng
_aeng
082 _aMZ:f, M0
100 _aPawlowski Tedeusz
_950783
245 0 _aConcept formation in the humanities and social sciences
260 _aHolland
_bD Reidel
_c1980
300 _aix,236p.
_ccm.
500 _aBibliography 221-224
650 _aSOCIAL SCIENCES
942 _hMZ:f, M0
_cTEXL
_2CC
999 _c153478
_d153478